000 00977nam a2200289 i 4500
003 EG-GICUC
005 20260429092913.0
008 260429s2007 fr |||fr|||| 00| 0 fre d
020 _a224786960I
040 _aEG-GiCUC
_bfre
_cEG-GiCUC
_dEG-GiCUC
_eRda
082 0 4 _221
_a343.3
_bCO
092 0 4 _221
099 _aLaw1 10 343.3 CO 2007
245 _aCode De Procédure Pénale.
250 _aQuarante-huitième Édition
_bAnnotations De Jurisprudence Et Bibliographie Par Jean-françois Renucci, Avec Le Concours De Emmanuelle Allain
264 1 _aParis :
_bDalloz,
_c2007.
300 _aVi - Lv, 2503 page;
_c 24 cm.
336 _2rda contenu
_a texte
337 _2rda medias
_aOrdinateur
338 _2 transporteur rda
_a Ressource en ligne
650 1 _aDroit De Procédure Pénale
_2qrmak
650 1 _aDroit De Pénal
_2qrmak
651 1 _2qrmak
856 4 0 _uhttps://fll.law.cu.edu.eg/fulltext/bks/B10-10280.pdf
905 _a54
942 _2ddc
_cBK
_e21
_n0
999 _c74040
_d74040